[Event "12. European Club Cup 2007 Femenino"]
[Site "Kemer TUR"]
[Date "2007.10.03"]
[Round "1.1"]
[White "Sharevich, Anna"]
[Black "Koneru, Humpy"]
[Result "0-1"]
[WhiteElo "2289"]
[BlackElo "2606"]
[PlyCount "126"]
[EventDate "2007.10.03"]
[EventType "team"]
[EventRounds "7"]
[EventCountry "TUR"]
[Source "lmi"]
[SourceDate "2007.10.03"]
[WhiteTeam "USV Volksbank"]
[BlackTeam "Cercle d'Echecs "]

1. d4 Nf6 2. c4 e6 3. g3 c5 4. d5 exd5 5. cxd5 b5 6. Bg2 d6 7. Nh3 g6 8. O-O
Bg7 9. Re1 O-O 10. a4 b4 11. e4 Nbd7 12. Bf4 Ne8 13. Bg5 f6 14. Be3 Ne5 15. Nf4
Nc7 16. b3 g5 17. Ne6 Nxe6 18. dxe6 Bxe6 19. f4 gxf4 20. gxf4 Ng4 21. f5 Nxe3
22. Rxe3 Bf7 23. Nd2 Qe7 24. Nc4 Rad8 25. Rd3 Kh8 26. Qc1 Rg8 27. Kh1 Qf8 28.
Qb2 Bh6 29. Rf1 Qe7 30. Qf2 Rg4 31. Qe2 Rg7 32. Bf3 Bf4 33. Rfd1 Rdg8 34. Qf2
Bxc4 35. bxc4 Be5 36. Qd2 a5 37. Rb3 Bd4 38. Rbb1 Qe8 39. Qh6 Rf8 40. Rd2 Qxa4
41. Bh5 Qc6 42. Re2 Kg8 43. Bf3 a4 44. Rf1 Rff7 45. h4 Be5 46. Qd2 Rg3 47. Rg1
Rxg1+ 48. Kxg1 Rg7+ 49. Rg2 Qb7 50. h5 Rxg2+ 51. Qxg2+ Qg7 52. Bd1 b3 53. Kf1
Qxg2+ 54. Kxg2 Kg7 55. Kf3 Kh6 56. Kg4 Bc3 57. Kh4 Bd2 58. Kg3 b2 59. Bc2 Kxh5
60. Kf3 Kg5 61. Bb1 h5 62. Kg3 h4+ 63. Kh3 Be1 0-1

[Event "12. European Club Cup 2007 Femenino"]
[Site "Kemer TUR"]
[Date "2007.10.03"]
[Round "1.1"]
[White "Cramling, Pia"]
[Black "Melamed, Tatiana"]
[Result "1-0"]
[WhiteElo "2531"]
[BlackElo "2363"]
[PlyCount "51"]
[EventDate "2007.10.03"]
[EventType "team"]
[EventRounds "7"]
[EventCountry "TUR"]
[Source "lmi"]
[SourceDate "2007.10.03"]
[WhiteTeam "Cercle d'Echecs"]
[BlackTeam "USV Volksbank"]

1. d4 Nf6 2. Nf3 g6 3. c4 Bg7 4. Nc3 O-O 5. Bg5 c5 6. d5 d6 7. e4 h6 8. Bf4 Nh5
9. Be3 e5 10. Nd2 Kh7 11. g3 Nf6 12. h3 Ne8 13. g4 f5 14. exf5 gxf5 15. gxf5
Bxf5 16. Nde4 Nd7 17. Bd3 Kh8 18. Qh5 Qe7 19. O-O-O Qf7 20. Qh4 Qg6 21. Rhg1
Qh7 22. Rg3 Ndf6 23. Rdg1 Nxe4 24. Bxe4 Bxe4 25. Nxe4 Rf7 26. Rg6 1-0

[Event "12. European Club Cup 2007 Femenino"]
[Site "Kemer TUR"]
[Date "2007.10.03"]
[Round "1.1"]
[White "Eckhardt, Claudia"]
[Black "Socko, Monika"]
[Result "1/2-1/2"]
[WhiteElo "2168"]
[BlackElo "2473"]
[PlyCount "136"]
[EventDate "2007.10.03"]
[EventType "team"]
[EventRounds "7"]
[EventCountry "TUR"]
[Source "lmi"]
[SourceDate "2007.10.03"]
[WhiteTeam "USV Volksbank"]
[BlackTeam "Cercle d'Echecs "]

1. d4 Nf6 2. Nf3 g6 3. g3 Bg7 4. Bg2 O-O 5. O-O d6 6. c4 Nc6 7. d5 Na5 8. Nfd2
c5 9. Nc3 a6 10. Qc2 Rb8 11. a3 Qc7 12. Rb1 Bf5 13. e4 Bd7 14. Nd1 b5 15. Ne3
b4 16. b3 Ng4 17. Nxg4 Bxg4 18. a4 Nb7 19. h3 Bd7 20. Bb2 Nd8 21. f4 f6 22.
Rbe1 Nf7 23. Kh2 Rbe8 24. Re2 e5 25. f5 Qd8 26. Bc1 Qe7 27. g4 Bh6 28. Nb1 Bf4+
29. Kh1 g5 30. Bf3 Kg7 31. Rg2 Rh8 32. Kg1 Reg8 33. Kf2 Be8 34. Ke2 Nd8 35. Be3
h5 36. Nd2 Kf8 37. Qd1 Rh6 38. Rh1 Rgh8 39. Rgg1 Qh7 40. Qf1 Qe7 41. Kd3 R8h7
42. Qd1 Qg7 43. Qe1 Qh8 44. Qd1 Nf7 45. Rf1 hxg4 46. hxg4 Rh2 47. Rxh2 Rxh2 48.
Rh1 Qh4 49. Rxh2 Bxh2 50. Qe2 Nh6 51. Qg2 Bf4 52. Bf2 Qh2 53. Qxh2 Bxh2 54. Nf1
Bf4 55. Be3 Ke7 56. Kd2 Kd8 57. Kd3 Kc7 58. Bd1 Kb6 59. Bd2 Ng8 60. Ne3 Bxe3
61. Bxe3 Ne7 62. Kc2 Nc8 63. Kb2 Ka5 64. Kc2 Nb6 65. Kd3 Bd7 66. Bd2 Nc8 67.
Be3 Kb6 68. Bd2 Kc7 1/2-1/2

[Event "12. European Club Cup 2007 Femenino"]
[Site "Kemer TUR"]
[Date "2007.10.03"]
[Round "1.1"]
[White "Skripchenko, Almira"]
[Black "Jahn, Constanze"]
[Result "1-0"]
[WhiteElo "2438"]
[BlackElo "2188"]
[PlyCount "101"]
[EventDate "2007.10.03"]
[EventType "team"]
[EventRounds "7"]
[EventCountry "TUR"]
[Source "lmi"]
[SourceDate "2007.10.03"]
[WhiteTeam "Cercle d'Echecs"]
[BlackTeam "USV Volksbank "]

1. e4 b6 2. d4 Bb7 3. Bd3 Nf6 4. Qe2 Nc6 5. c3 e5 6. Nf3 d6 7. d5 Nb8 8. c4 a5
9. Nc3 Na6 10. Bc2 Nc5 11. Be3 Be7 12. Nd2 Bc8 13. h3 O-O 14. O-O-O Ne8 15. g3
f5 16. exf5 Bxf5 17. Bxf5 Rxf5 18. Nde4 Nxe4 19. Nxe4 Qd7 20. Kb1 Rf8 21. g4
Rb8 22. Rd2 c5 23. Nc3 Nc7 24. a4 Qd8 25. Ne4 Qe8 26. b3 Qg6 27. f3 Bh4 28. Rg1
Be7 29. Rd3 Qf7 30. Bf2 Na6 31. h4 Nb4 32. Re3 Ra8 33. Qd1 Qf4 34. Rh1 Qf7 35.
Bg3 Ra7 36. Rh2 Rd7 37. Rf2 Qe8 38. Kb2 Qd8 39. Rh2 Bf6 40. g5 Be7 41. Rf2 h6
42. f4 exf4 43. Bxf4 g6 44. Ref3 Rf5 45. Bd2 Qf8 46. Bc3 h5 47. Rxf5 gxf5 48.
Qxh5 Nd3+ 49. Kc2 Ne5 50. Bxe5 dxe5 51. Qg6+ 1-0

[Event "12. European Club Cup 2007 Femenino"]
[Site "Kemer TUR"]
[Date "2007.10.03"]
[Round "1.2"]
[White "Muzychuk, Anna"]
[Black "Dengler, Dijana"]
[Result "1-0"]
[WhiteElo "2469"]
[BlackElo "2093"]
[PlyCount "80"]
[EventDate "2007.10.03"]
[EventType "team"]
[EventRounds "7"]
[EventCountry "TUR"]
[Source "lmi"]
[SourceDate "2007.10.03"]
[WhiteTeam "AVS Krasnoturinsk"]
[BlackTeam "SK Bihac - Capital"]

1. e4 e6 2. d4 d5 3. Nc3 Bb4 4. e5 c5 5. a3 Bxc3+ 6. bxc3 Nc6 7. Qg4 g6 8. Qd1
f6 9. Nf3 fxe5 10. dxe5 Qc7 11. Bb5 Bd7 12. O-O a6 13. Bxc6 Bxc6 14. Be3 Bb5
15. Re1 h6 16. a4 Bd7 17. a5 Ne7 18. Nd2 Nf5 19. Nb3 Nxe3 20. Rxe3 O-O-O 21.
Qe2 Rdf8 22. Rg3 Rf5 23. Rxg6 Rxe5 24. Qf3 Rg5 25. Rf6 Qd6 26. Qe3 d4 27. cxd4
Qd5 28. g3 cxd4 29. Qxd4 Bc6 30. Qxd5 Bxd5 31. c4 Bc6 32. f4 Rg7 33. Nd4 Bd7
34. Re1 h5 35. Nxe6 Rgg8 36. Nc5 Bh3 37. Re7 h4 38. Kf2 hxg3+ 39. hxg3 Bg4 40.
Rff7 Bh3 1-0

[Event "12. European Club Cup 2007 Femenino"]
[Site "Kemer TUR"]
[Date "2007.10.03"]
[Round "1.2"]
[White "Stevandic, Drinka"]
[Black "Pogonina, Natalija"]
[Result "0-1"]
[WhiteElo "2462"]
[BlackElo "2052"]
[PlyCount "62"]
[EventDate "2007.10.03"]
[EventType "team"]
[EventRounds "7"]
[EventCountry "TUR"]
[Source "lmi"]
[SourceDate "2007.10.03"]
[WhiteTeam "SK Bihac - Capital"]
[BlackTeam "AVS Krasnoturinsk"]

1. e4 c5 2. Nf3 d6 3. d4 cxd4 4. Nxd4 Nf6 5. Nc3 g6 6. Be3 Bg7 7. f3 O-O 8. Qd2
Nc6 9. O-O-O d5 10. exd5 Nxd5 11. Nxc6 bxc6 12. Bd4 Bxd4 13. Qxd4 Qc7 14. g4
Rb8 15. h4 e5 16. Qc5 Nxc3 17. Qxc3 e4 18. Kb1 Qf4 19. Be2 exf3 20. Rd4 Qe5 21.
Bxf3 c5 22. Rc4 Qxc3 23. Rxc3 Rb4 24. Rxc5 Bxg4 25. Bxg4 Rxg4 26. h5 f5 27. h6
f4 28. Kc1 f3 29. Kd2 Rg2+ 30. Ke1 Re2+ 31. Kf1 Rd8 0-1

[Event "12. European Club Cup 2007 Femenino"]
[Site "Kemer TUR"]
[Date "2007.10.03"]
[Round "1.3"]
[White "Danielian, Elina"]
[Black "Van Weersel, Arlette"]
[Result "1-0"]
[WhiteElo "2458"]
[BlackElo "2174"]
[PlyCount "51"]
[EventDate "2007.10.03"]
[EventType "team"]
[EventRounds "7"]
[EventCountry "TUR"]
[Source "lmi"]
[SourceDate "2007.10.03"]
[WhiteTeam "MIKA Yerevan"]
[BlackTeam "Utrecht"]

1. Nf3 Nf6 2. d4 e6 3. e3 b6 4. Bd3 Bb7 5. O-O Be7 6. c4 O-O 7. Nbd2 d5 8. b3
Nbd7 9. Bb2 c5 10. Qe2 Bd6 11. e4 dxe4 12. Nxe4 Nxe4 13. Bxe4 Bxe4 14. Qxe4 Qe7
15. Rad1 Rad8 16. Rfe1 Nf6 17. Qh4 cxd4 18. Nxd4 Nd5 19. Qg4 f5 20. Qf3 Nf4 21.
Nc6 Qh4 22. g3 Nh3+ 23. Kg2 Qg4 24. Qxg4 fxg4 25. f4 g5 26. Nxd8 1-0

[Event "12. European Club Cup 2007 Femenino"]
[Site "Kemer TUR"]
[Date "2007.10.03"]
[Round "1.3"]
[White "Bensdorp, Laura"]
[Black "Khurtsidze, Nino"]
[Result "0-1"]
[WhiteElo "2121"]
[BlackElo "2450"]
[PlyCount "80"]
[EventDate "2007.10.03"]
[EventType "team"]
[EventRounds "7"]
[EventCountry "TUR"]
[Source "lmi"]
[SourceDate "2007.10.03"]
[WhiteTeam "Utrecht"]
[BlackTeam "MIKA Yerevan"]

1. e4 c5 2. Nf3 Nc6 3. d4 cxd4 4. Nxd4 Qb6 5. Nb3 Nf6 6. Nc3 e6 7. Be3 Qc7 8.
Bd3 a6 9. O-O d6 10. f4 Be7 11. a4 b6 12. Qf3 Bb7 13. h3 O-O 14. g4 Nb4 15. g5
Nd7 16. Qg3 d5 17. exd5 Nxd5 18. Qh4 g6 19. Bd4 Nxc3 20. Bxc3 Qc6 21. Qg3 Nc5
22. Nxc5 Qh1+ 23. Kf2 Bxc5+ 24. Ke2 Qc6 25. Be5 Bd6 26. Bxd6 Qxd6 27. Rae1 Qb4
28. b3 Be4 29. Rd1 Rac8 30. Rd2 Rfd8 31. Rfd1 Bxd3+ 32. Rxd3 Rxc2+ 33. Kf1 Rxd3
34. Rxd3 Qe4 35. Qf3 Rc1+ 36. Kg2 Qe1 37. Qe3 Rc2+ 38. Kf3 Qf1+ 39. Kg3 Qg2+
40. Kh4 Rc5 0-1

[Event "12. European Club Cup 2007 Femenino"]
[Site "Kemer TUR"]
[Date "2007.10.03"]
[Round "1.3"]
[White "Mkrtchian, Lilit"]
[Black "Middelveld, Martine"]
[Result "1-0"]
[WhiteElo "2402"]
[BlackElo "2009"]
[PlyCount "67"]
[EventDate "2007.10.03"]
[EventType "team"]
[EventRounds "7"]
[EventCountry "TUR"]
[Source "lmi"]
[SourceDate "2007.10.03"]
[WhiteTeam "MIKA Yerevan"]
[BlackTeam "Utrecht"]

1. e4 e6 2. d4 d5 3. e5 c5 4. c3 Nc6 5. Nf3 Qb6 6. a3 Nh6 7. b4 cxd4 8. cxd4
Nf5 9. Bb2 Bd7 10. g4 Nfe7 11. Nc3 Na5 12. Na4 Qc6 13. Nc5 Nc4 14. Bc3 Rc8 15.
a4 Ng6 16. h4 Be7 17. h5 Nf8 18. h6 g5 19. Bxc4 dxc4 20. d5 exd5 21. e6 Nxe6
22. Bxh8 Nxc5 23. bxc5 d4 24. O-O d3 25. Re1 Qxh6 26. Ne5 Be6 27. Qf3 Rc7 28.
c6 b6 29. Rad1 Kf8 30. Nd7+ Bxd7 31. cxd7 Rxd7 32. Bc3 Qd6 33. Qe4 Kg8 34. Qxc4
1-0

[Event "12. European Club Cup 2007 Femenino"]
[Site "Kemer TUR"]
[Date "2007.10.03"]
[Round "1.4"]
[White "Khudaya, Aliaksandra"]
[Black "Hou, Yifan"]
[Result "0-1"]
[WhiteElo "2088"]
[BlackElo "2502"]
[PlyCount "44"]
[EventDate "2007.10.03"]
[EventType "team"]
[EventRounds "7"]
[EventCountry "TUR"]
[Source "lmi"]
[SourceDate "2007.10.03"]

1. d4 Nf6 2. c4 e6 3. Nc3 Bb4 4. e3 O-O 5. Bd3 c5 6. Nf3 d6 7. O-O Nc6 8. Qc2
Bxc3 9. bxc3 e5 10. d5 Ne7 11. e4 Ng6 12. Rb1 b6 13. Ne1 h6 14. g3 Nh7 15. Ng2
Bh3 16. f3 Qd7 17. g4 Ng5 18. Rf2 Bxg2 19. Kxg2 f6 20. Kg3 h5 21. h4 Nxh4 22.
Kxh4 Nxf3+ 0-1

[Event "12. European Club Cup 2007 Femenino"]
[Site "Kemer TUR"]
[Date "2007.10.03"]
[Round "1.4"]
[White "Kovalevskaya, Ekaterina"]
[Black "Khudaya, Iryna"]
[Result "1-0"]
[WhiteElo "2448"]
[BlackElo "2111"]
[PlyCount "61"]
[EventDate "2007.10.03"]
[EventType "team"]
[EventRounds "7"]
[EventCountry "TUR"]
[Source "lmi"]
[SourceDate "2007.10.03"]

1. Nf3 f5 2. d3 Nf6 3. e4 d6 4. exf5 Bxf5 5. d4 e6 6. Bd3 Bg4 7. h3 Bh5 8. Qe2
Qe7 9. Nc3 Nc6 10. Bb5 a6 11. Bxc6+ bxc6 12. Bg5 h6 13. Bh4 g5 14. Bg3 Bg7 15.
h4 g4 16. Nd2 O-O 17. O-O-O Nd5 18. Nxd5 cxd5 19. Rhe1 Rae8 20. Nf1 c5 21. Qxa6
e5 22. dxe5 dxe5 23. Rxd5 Bf7 24. Rdxe5 Bxe5 25. Rxe5 Be6 26. Ne3 Qf7 27. Qe2
Qg7 28. Nd5 Rd8 29. Rxe6 Rxd5 30. Be5 Rxe5 31. Rxe5 1-0

[Event "12. European Club Cup 2007 Femenino"]
[Site "Kemer TUR"]
[Date "2007.10.03"]
[Round "1.4"]
[White "Savurko, Alexandra"]
[Black "Kochetkova, Julia"]
[Result "0-1"]
[WhiteElo "2088"]
[BlackElo "2297"]
[PlyCount "104"]
[EventDate "2007.10.03"]
[EventType "team"]
[EventRounds "7"]
[EventCountry "TUR"]
[Source "lmi"]
[SourceDate "2007.10.03"]

1. d4 d5 2. c4 e6 3. Nc3 c6 4. cxd5 exd5 5. Nf3 Bd6 6. Bg5 Ne7 7. Qc2 Bg4 8.
Ne5 Bxe5 9. dxe5 Qd7 10. e3 Ng6 11. Bf4 Bf5 12. Bd3 Bxd3 13. Qxd3 Qe6 14. Bg3
Nxe5 15. Qd4 Nbd7 16. O-O O-O 17. Rfe1 Rfe8 18. e4 Qf6 19. Rad1 Nc4 20. b3 Qxd4
21. Rxd4 Ncb6 22. Red1 c5 23. Rxd5 Nxd5 24. Nxd5 Rxe4 25. Nc7 Rf8 26. Nb5 Nf6
27. Nxa7 Re2 28. Nb5 Rxa2 29. Nd6 b6 30. Nc4 b5 31. Nd6 Rb2 32. Nxb5 Rxb3 33.
Nd6 Rfb8 34. Kf1 Rb1 35. Rxb1 Rxb1+ 36. Ke2 Nd5 37. Kd3 Nb6 38. Bf4 Rb3+ 39.
Kc2 Ra3 40. Kb2 Rd3 41. Kc2 Rd4 42. Bg3 f6 43. f3 Nd5 44. Nf5 Rc4+ 45. Kd3 Ra4
46. Bd6 g6 47. Ne7+ Nxe7 48. Bxe7 c4+ 49. Kd4 Kf7 50. Bd6 Ke6 51. Bb8 f5 52. h3
f4 0-1

[Event "12. European Club Cup 2007 Femenino"]
[Site "Kemer TUR"]
[Date "2007.10.03"]
[Round "1.5"]
[White "Topel, Zehra"]
[Black "Arakhamia-Grant, Ketevan"]
[Result "0-1"]
[WhiteElo "2246"]
[BlackElo "2432"]
[PlyCount "122"]
[EventDate "2007.10.03"]
[EventType "team"]
[EventRounds "7"]
[EventCountry "TUR"]
[Source "lmi"]
[SourceDate "2007.10.03"]

1. d4 Nf6 2. c4 g6 3. Nc3 Bg7 4. e4 d6 5. f3 O-O 6. Be3 c5 7. Nge2 Qa5 8. Qd2
Nc6 9. d5 Ne5 10. Ng3 a6 11. Be2 e6 12. O-O exd5 13. exd5 Rb8 14. Nge4 Nxe4 15.
Nxe4 Qc7 16. Bh6 f5 17. Bxg7 Kxg7 18. Ng5 h6 19. Nh3 b5 20. cxb5 axb5 21. b4 c4
22. a4 bxa4 23. f4 Nd7 24. Rxa4 Nb6 25. Ra5 Re8 26. Rc1 Kg8 27. Bf1 Bb7 28. Qd4
Re4 29. Qf6 Kh7 30. Nf2 Nxd5 31. Rxd5 Bxd5 32. Nxe4 Bxe4 33. Rxc4 Qa7+ 34. Qd4
Qxd4+ 35. Rxd4 d5 36. Ba6 Kg7 37. b5 Kf6 38. g3 Ke6 39. Kf2 Kd6 40. Rd1 Re8 41.
Bb7 Re7 42. Ba6 Rc7 43. Rd2 Kc5 44. Ke3 Re7 45. Rb2 d4+ 46. Kd2 Kb6 47. Rb4 Rd7
48. Ra4 g5 49. h4 gxh4 50. gxh4 h5 51. Ke2 d3+ 52. Kd2 Rg7 53. Rd4 Kc5 54. Kc3
Rg2 55. Rc4+ Kb6 56. Kb4 Rb2+ 57. Ka3 Rb1 58. Rd4 Kc5 59. Rd8 Bd5 60. Rc8+ Kd4
61. Rd8 d2 0-1

[Event "12. European Club Cup 2007 Femenino"]
[Site "Kemer TUR"]
[Date "2007.10.03"]
[Round "1.5"]
[White "Bayrak, Asli"]
[Black "Dzagnidze, Nana"]
[Result "0-1"]
[WhiteElo "2032"]
[BlackElo "2416"]
[PlyCount "54"]
[EventDate "2007.10.03"]
[EventType "team"]
[EventRounds "7"]
[EventCountry "TUR"]
[Source "lmi"]
[SourceDate "2007.10.03"]

1. e4 c5 2. Nc3 d6 3. g3 Nc6 4. Bg2 g6 5. d3 Bg7 6. f4 Nf6 7. Nf3 O-O 8. O-O
Rb8 9. h3 b5 10. Be3 b4 11. Ne2 Nd7 12. Rb1 Qa5 13. Qd2 Qxa2 14. Ra1 Qxb2 15.
Rfb1 Qxa1 16. Rxa1 Bxa1 17. d4 Ba6 18. Nc1 Nf6 19. dxc5 dxc5 20. Nb3 Bc3 21.
Qd1 Rfd8 22. Qb1 Be2 23. Nc1 Rd1+ 24. Kf2 Bc4 25. Ng1 Nd4 26. Bf3 Nxf3 27. Kxf3
Nxe4 0-1

[Event "12. European Club Cup 2007 Femenino"]
[Site "Kemer TUR"]
[Date "2007.10.03"]
[Round "1.5"]
[White "Lomineishvili, Maia"]
[Black "Kaya, Emel"]
[Result "1-0"]
[WhiteElo "2409"]
[BlackElo "1883"]
[PlyCount "73"]
[EventDate "2007.10.03"]
[EventType "team"]
[EventRounds "7"]
[EventCountry "TUR"]
[Source "lmi"]
[SourceDate "2007.10.03"]

1. d4 Nf6 2. Nf3 g6 3. c4 Bg7 4. Nc3 O-O 5. e4 d6 6. h3 c5 7. d5 e6 8. Bd3 exd5
9. exd5 Na6 10. O-O Nc7 11. a4 b6 12. Bg5 Qd7 13. Qd2 Bb7 14. Bh6 a6 15. Qg5 b5
16. b3 b4 17. Ne2 Nh5 18. Bxg7 Nxg7 19. Qh6 f6 20. Nh4 Rae8 21. Nf4 f5 22. Nf3
Re7 23. Ng5 Nce8 24. Rae1 Nf6 25. Nfe6 Nxe6 26. Nxe6 Rfe8 27. Bxf5 Nxd5 28.
cxd5 gxf5 29. Re3 Rf7 30. Rg3+ Kh8 31. Nf4 Rg7 32. Rxg7 Qxg7 33. Qxd6 Qd4 34.
Qd7 Qe5 35. Ne6 Rb8 36. Rd1 Bc8 37. Qd8# 1-0

[Event "12. European Club Cup 2007 Femenino"]
[Site "Kemer TUR"]
[Date "2007.10.03"]
[Round "1.6"]
[White "Zhao, Xue"]
[Black "Yanik, Emine"]
[Result "1-0"]
[WhiteElo "2530"]
[BlackElo "2069"]
[PlyCount "105"]
[EventDate "2007.10.03"]
[EventType "team"]
[EventRounds "7"]
[EventCountry "TUR"]
[Source "lmi"]
[SourceDate "2007.10.03"]

1. d4 d5 2. c4 e6 3. Nc3 Nf6 4. Nf3 c6 5. Bg5 Be7 6. e3 Nbd7 7. Bd3 O-O 8. O-O
Re8 9. Rc1 Nf8 10. Ne5 N6d7 11. Bf4 Nxe5 12. Bxe5 Bd6 13. Bxd6 Qxd6 14. e4 dxc4
15. Bxc4 Qb4 16. Bb3 Rd8 17. d5 exd5 18. exd5 Bg4 19. Qc2 Rac8 20. h3 Bd7 21.
dxc6 bxc6 22. a3 Qf4 23. Qe4 Qf6 24. Bc4 Re8 25. Qd3 Bf5 26. Qg3 Ng6 27. Rfe1
Re5 28. Rxe5 Nxe5 29. Bf1 h5 30. Re1 Ng6 31. b4 h4 32. Qe3 Rc7 33. Ne4 Qd8 34.
Qg5 Qxg5 35. Nxg5 Re7 36. Rxe7 Nxe7 37. Bc4 Nd5 38. Nf3 Nb6 39. Bb3 Be4 40.
Nxh4 Bd5 41. Bxd5 cxd5 42. Nf5 Nc4 43. a4 Kf8 44. Kf1 Nb2 45. a5 Nd3 46. b5 Nc5
47. Ke2 a6 48. bxa6 Nxa6 49. Kd3 Nb4+ 50. Kc3 Nc6 51. a6 g6 52. Nd4 Na7 53. Kb4
1-0

[Event "12. European Club Cup 2007 Femenino"]
[Site "Kemer TUR"]
[Date "2007.10.03"]
[Round "1.6"]
[White "Acarbay, Algi"]
[Black "Vasilevich, Irina"]
[Result "0-1"]
[WhiteElo "1865"]
[BlackElo "2383"]
[PlyCount "68"]
[EventDate "2007.10.03"]
[EventType "team"]
[EventRounds "7"]
[EventCountry "TUR"]
[Source "lmi"]
[SourceDate "2007.10.03"]

1. e4 c5 2. Nf3 e6 3. d4 cxd4 4. Nxd4 Nc6 5. Bc4 Qc7 6. Be3 a6 7. a4 Nf6 8. Bd3
b6 9. O-O Bb7 10. Nd2 d5 11. Re1 Bd6 12. g3 O-O 13. Qe2 Nxd4 14. Bxd4 e5 15.
Be3 Nxe4 16. Nxe4 dxe4 17. Bc4 Kh8 18. Rad1 f5 19. Bd5 Rad8 20. Bg5 Rb8 21.
Bxb7 Rxb7 22. Qxa6 Bc5 23. Qe2 Qc6 24. b3 h6 25. Be3 Bxe3 26. Qxe3 Qxc2 27. Rd6
b5 28. Rc1 Qb2 29. Rcc6 bxa4 30. Rxh6+ Kg8 31. Qc5 gxh6 32. Rg6+ Rg7 33. Qd5+
Kh7 34. Rxg7+ Kxg7 0-1

[Event "12. European Club Cup 2007 Femenino"]
[Site "Kemer TUR"]
[Date "2007.10.03"]
[Round "1.6"]
[White "Kursova, Maria"]
[Black "Sop, Selen"]
[Result "1-0"]
[WhiteElo "2358"]
[BlackElo "1911"]
[PlyCount "67"]
[EventDate "2007.10.03"]
[EventType "team"]
[EventRounds "7"]
[EventCountry "TUR"]
[Source "lmi"]
[SourceDate "2007.10.03"]

1. d4 d5 2. Nf3 Nf6 3. c4 c6 4. Nc3 e6 5. e3 Nbd7 6. Qc2 Bd6 7. Bd3 O-O 8. O-O
Re8 9. Rd1 Qc7 10. e4 dxe4 11. Nxe4 Nxe4 12. Bxe4 Nf6 13. Bd3 h5 14. Bd2 c5 15.
dxc5 Bxc5 16. b4 Be7 17. Bc3 Nd7 18. c5 Bf6 19. Bb5 a6 20. Bxd7 Bxd7 21. Bxf6
gxf6 22. Rd4 e5 23. Rd6 Re6 24. Qd2 Rxd6 25. cxd6 Qb6 26. Rc1 Rd8 27. h3 Bb5
28. Qh6 Qxd6 29. Rc3 Qxb4 30. Nh4 Rd1+ 31. Kh2 Qf4+ 32. Rg3+ Qxg3+ 33. Kxg3 e4
34. Nf5 1-0

[Event "12. European Club Cup 2007 Femenino"]
[Site "Kemer TUR"]
[Date "2007.10.03"]
[Round "1.7"]
[White "Maric, Alisa"]
[Black "Meseli, Perihan"]
[Result "1-0"]
[WhiteElo "2408"]
[BlackElo "1936"]
[PlyCount "57"]
[EventDate "2007.10.03"]
[EventType "team"]
[EventRounds "7"]
[EventCountry "TUR"]
[Source "lmi"]
[SourceDate "2007.10.03"]

1. d4 Nf6 2. Nf3 g6 3. c4 Bg7 4. g3 c5 5. Nc3 cxd4 6. Nxd4 Nc6 7. Bg2 O-O 8.
O-O a6 9. c5 Nh5 10. Nb3 d6 11. cxd6 Qxd6 12. Qxd6 exd6 13. Rd1 Rd8 14. Bg5 f6
15. Bd5+ Kh8 16. Be3 f5 17. Bb6 Re8 18. Bxc6 bxc6 19. Rxd6 f4 20. Rad1 Bg4 21.
f3 Be6 22. g4 Nf6 23. Rxc6 Bd7 24. Rxf6 Bxf6 25. Rxd7 Re6 26. Bd4 Bxd4+ 27.
Nxd4 Rb6 28. Nd5 Rxb2 29. Nf6 1-0

[Event "12. European Club Cup 2007 Femenino"]
[Site "Kemer TUR"]
[Date "2007.10.03"]
[Round "1.7"]
[White "Dincel, Melodi"]
[Black "Benderac, Ana"]
[Result "0-1"]
[WhiteElo "1812"]
[BlackElo "2328"]
[PlyCount "72"]
[EventDate "2007.10.03"]
[EventType "team"]
[EventRounds "7"]
[EventCountry "TUR"]
[Source "lmi"]
[SourceDate "2007.10.03"]

1. c4 Nf6 2. Nc3 e6 3. e4 d6 4. Bd3 Nbd7 5. Nf3 Ne5 6. Be2 Nxf3+ 7. Bxf3 e5 8.
O-O Be6 9. b3 c5 10. d3 Be7 11. Bg5 Nd7 12. Be3 Bg5 13. Bg4 Bxe3 14. fxe3 Qg5
15. Bxe6 fxe6 16. Rf3 h5 17. d4 exd4 18. exd4 Rf8 19. Rxf8+ Kxf8 20. Nb5 Ke7
21. dxc5 Qxc5+ 22. Qd4 Qxd4+ 23. Nxd4 Rf8 24. Nb5 Nc5 25. e5 dxe5 26. Re1 a6
27. Rxe5 Nd7 28. Rxh5 axb5 29. Rxb5 b6 30. Rg5 Kf6 31. Rb5 Ra8 32. a4 Ra5 33.
b4 Rxa4 34. c5 bxc5 35. bxc5 Rc4 36. Rb7 Nxc5 0-1

[Event "12. European Club Cup 2007 Femenino"]
[Site "Kemer TUR"]
[Date "2007.10.03"]
[Round "1.8"]
[White "Korbut, Ekaterina"]
[Black "Gencer, Ozlem"]
[Result "1-0"]
[WhiteElo "2443"]
[BlackElo "1940"]
[PlyCount "111"]
[EventDate "2007.10.03"]
[EventType "team"]
[EventRounds "7"]
[EventCountry "TUR"]
[Source "lmi"]
[SourceDate "2007.10.03"]

1. e4 e6 2. f4 d5 3. e5 c5 4. Nf3 Nc6 5. c3 Qb6 6. Na3 Bd7 7. Nc2 f6 8. d4 cxd4
9. cxd4 Rc8 10. Be2 Nb4 11. Ne3 Qc7 12. O-O Nc2 13. Rb1 Be7 14. exf6 Nxf6 15.
Ne5 O-O 16. Nxd7 Nxd7 17. Bg4 Rf6 18. f5 Nxe3 19. Bxe3 exf5 20. Rxf5 Rcf8 21.
Rxd5 Bd6 22. Rh5 Bf4 23. Bxf4 Qxf4 24. Bf3 Rg6 25. Rh3 Rd6 26. Bxb7 Nc5 27. Rf3
Qxd4+ 28. Qxd4 Rxd4 29. Rxf8+ Kxf8 30. Bf3 Ke7 31. b4 Na4 32. a3 g6 33. Rc1 Rd3
34. Be2 Rc3 35. Rxc3 Nxc3 36. Bc4 Nb1 37. a4 Nc3 38. Bb3 Ne4 39. Bc2 Nc3 40.
Kf2 Ke6 41. Bb3+ Ke5 42. Ke3 Ne4 43. Bc2 Nd6 44. Kd3 h5 45. Bd1 Kd5 46. Bf3+
Ke5 47. b5 Nc8 48. a5 Kd6 49. Kd4 Ne7 50. b6 axb6 51. axb6 Nf5+ 52. Kc4 g5 53.
Be4 Ne3+ 54. Kb5 Kd7 55. Ka6 Nc4 56. b7 1-0

[Event "12. European Club Cup 2007 Femenino"]
[Site "Kemer TUR"]
[Date "2007.10.03"]
[Round "1.8"]
[White "Dincok, Berfu"]
[Black "Cmilyte, Viktorija"]
[Result "0-1"]
[WhiteElo "1945"]
[BlackElo "2464"]
[PlyCount "76"]
[EventDate "2007.10.03"]
[EventType "team"]
[EventRounds "7"]
[EventCountry "TUR"]
[Source "lmi"]
[SourceDate "2007.10.03"]

1. e4 c5 2. Nf3 Nc6 3. d4 cxd4 4. Nxd4 Nf6 5. Nc3 e5 6. Ndb5 d6 7. Bg5 a6 8.
Na3 b5 9. Nd5 Be7 10. Bxf6 Bxf6 11. c3 O-O 12. Nc2 Bg5 13. Ncb4 Bb7 14. Nxc6
Bxc6 15. Be2 Ra7 16. O-O g6 17. Qb3 Kh8 18. Rad1 Qb8 19. Qc2 f5 20. Bf3 a5 21.
b3 Raf7 22. c4 bxc4 23. bxc4 Qa7 24. Rde1 Qc5 25. Qe2 Bb7 26. h3 Ba6 27. Qc2
Qxc4 28. Qxc4 Bxc4 29. Be2 Bxa2 30. Ra1 Bb3 31. Rxa5 fxe4 32. Rb5 Bxd5 33. Rxd5
Rxf2 34. Rxf2 Be3 35. Rxd6 Rxf2 36. Kh1 Rxe2 37. Rd1 Bf4 38. Kg1 Bg3 0-1

[Event "12. European Club Cup 2007 Femenino"]
[Site "Kemer TUR"]
[Date "2007.10.03"]
[Round "1.8"]
[White "Demina, Julia"]
[Black "Tikir, Hazal"]
[Result "1-0"]
[WhiteElo "2327"]
[BlackElo "1721"]
[PlyCount "97"]
[EventDate "2007.10.03"]
[EventType "team"]
[EventRounds "7"]
[EventCountry "TUR"]
[Source "lmi"]
[SourceDate "2007.10.03"]

1. d4 Nf6 2. Nf3 g6 3. g3 d5 4. Bg2 Bg7 5. O-O c6 6. a4 O-O 7. a5 Re8 8. Nbd2
Nbd7 9. c4 e5 10. cxd5 Nxd5 11. dxe5 Nxe5 12. Nxe5 Bxe5 13. Nc4 Bg7 14. e4 Nc7
15. Nd6 Rf8 16. f4 Ne8 17. Nxc8 Rxc8 18. Be3 Nc7 19. Bxa7 Nb5 20. Bc5 Bd4+ 21.
Bxd4 Qxd4+ 22. Qxd4 Nxd4 23. Ra4 Rcd8 24. Rf2 Rfe8 25. Rb4 Nb5 26. e5 Rd4 27.
Rxd4 Nxd4 28. b4 Rd8 29. Kf1 Nb5 30. Ke1 Rd4 31. Rb2 Nc3 32. Bf3 Nb5 33. a6
bxa6 34. Bxc6 Nc3 35. Bf3 Nd5 36. b5 axb5 37. Rxb5 Nc3 38. Rb7 Ne4 39. Rc7 Nd2
40. Be2 Rd8 41. Kf2 Rf8 42. Ke3 Nb3 43. Bc4 Na5 44. Bd5 Rb8 45. Bxf7+ Kh8 46.
Bd5 Nb3 47. e6 Na5 48. e7 h6 49. Rd7 1-0